[Event "As Autumn"]
[Site "As"]
[Date "2019.11.05"]
[Round "7"]
[White "Bakkerud, Balder Jonsson"]
[Black "Moberg, Jan Rune"]
[Result "0-1"]
[WhiteElo "1186"]
[BlackElo "1651"]
[PlyCount "86"]
[EventDate "2019.08.29"]
[EventType "swiss"]
[EventRounds "9"]
[EventCountry "NOR"]
[SourceTitle "EXT 2024"]
[Source "ChessBase"]
[SourceDate "2023.10.10"]
[SourceVersion "1"]
[SourceVersionDate "2023.10.10"]
[SourceQuality "1"]

1. d4 d6 2. c4 c6 3. Nc3 Nf6 4. Nf3 Nbd7 5. Bf4 Qc7 6. c5 Nh5 7. Bg3 Nxg3 8. hxg3 e5 9. cxd6 Bxd6 10. e3 Nf6 11. Bd3 Bg4 12. Rc1 exd4 13. exd4 0-0-0 14. d5 Rde8+ 15. Kf1 Bb4 16. Nb5 Qa5 17. a3 Bxf3 18. axb4 Bxd1 19. bxa5 Rd8 20. Bf5+ Kb8 21. dxc6 bxc6 22. Nc3 Bb3 23. Ne4 Nxe4 24. Bxe4 Ba4 25. Ke2 Bb5+ 26. Kf3 Kc7 27. Rc5 Rd6 28. Rhc1 a6 29. Bd5 Rhd8 30. Be4 g6 31. Kf4 h6 32. g4 Re8 33. Kf3 Rf6+ 34. Ke3 Rfe6 35. f3 h5 36. gxh5 f5 37. hxg6 fxe4 38. g7 Rg6 39. fxe4 Rxg2 40. Rf5 Rxg7 41. Kd4 Rd7+ 42. Kc5 Rxe4 43. b4 Red4 0-1

[Event "As Autumn"]
[Site "As"]
[Date "2019.10.10"]
[Round "5"]
[White "Lea, Per"]
[Black "Moberg, Jan Rune"]
[Result "1-0"]
[WhiteElo "1753"]
[BlackElo "1651"]
[PlyCount "41"]
[EventDate "2019.08.29"]
[EventType "swiss"]
[EventRounds "9"]
[EventCountry "NOR"]
[SourceTitle "EXT 2024"]
[Source "ChessBase"]
[SourceDate "2023.10.10"]
[SourceVersion "1"]
[SourceVersionDate "2023.10.10"]
[SourceQuality "1"]

1. e4 d6 2. d4 c6 3. Nf3 Nf6 4. Nc3 Nbd7 5. Bc4 h6 6. 0-0 Qc7 7. Bb3 e5 8. h3 Be7 9. Nh4 exd4 10. Qxd4 Ne5 11. f4 Ned7 12. Be3 d5 13. exd5 Nc5 14. dxc6 bxc6 15. Bc4 Bd7 16. Qe5 Qxe5 17. fxe5 Nd5 18. Nxd5 cxd5 19. Bxd5 Rb8 20. Bxf7+ Kd8 21. Ng6 1-0

[Event "As CC-ch A"]
[Site "As"]
[Date "2018.03.22"]
[Round "8"]
[White "Lea, Per"]
[Black "Moberg, Jan Rune"]
[Result "1-0"]
[WhiteElo "1725"]
[BlackElo "1690"]
[PlyCount "124"]
[EventDate "2018.01.11"]
[EventType "tourn"]
[EventRounds "9"]
[EventCountry "NOR"]
[SourceTitle "EXT 2024"]
[Source "ChessBase"]
[SourceDate "2023.10.10"]
[SourceVersion "1"]
[SourceVersionDate "2023.10.10"]
[SourceQuality "1"]

1. e4 e5 2. Nf3 Nc6 3. Bb5 a6 4. Ba4 d6 5. d4 b5 6. Bb3 Na5 7. dxe5 Nxb3 8. axb3 Bb7 9. exd6 Bxd6 10. Qe2 Ne7 11. Bg5 Qd7 12. e5 Bc5 13. Nc3 0-0 14. Ne4 Bb6 15. Rd1 Qe6 16. Bh4 h6 17. Qd3 Nd5 18. Bg3 f5 19. Nc3 Nxc3 20. bxc3 f4 21. Bh4 Bxf3 22. gxf3 Qxe5+ 23. Kf1 g5 24. Qg6+ Qg7 25. Qe6+ Rf7 26. Rg1 Qf6 27. Qd5 c6 28. Bxg5 hxg5 29. Rxg5+ Kh8 30. Rh5+ Rh7 31. Rxh7+ Kxh7 32. Qd7+ Kg8 33. Rd6 Qe5 34. Qxc6 Rd8 35. Rg6+ Kf7 36. Qxb6 Rd1+ 37. Kg2 Rd7 38. Qxa6 Qf5 39. Rd6 Qg5+ 40. Kf1 Re7 41. Rb6 Qh5 42. Rb7 Qxf3 43. Rxe7+ Kxe7 44. Qa7+ Ke6 45. Qb6+ Kf7 46. Qc7+ Kf6 47. Qd8+ Kf7 48. Qd4 Qh1+ 49. Ke2 Qxh2 50. Qd5+ Kf6 51. Qxb5 Qg2 52. Qb6+ Kf5 53. Qc5+ Kf6 54. Qd6+ Kf5 55. Qf8+ Ke5 56. Qc5+ Kf6 57. Kd3 Qf1+ 58. Kd2 Qg2 59. b4 Ke6 60. b5 Qe4 61. Qc6+ Qxc6 62. bxc6 Kd6 1-0

[Event "As Autumn"]
[Site "As"]
[Date "2017.12.07"]
[Round "9"]
[White "Johnson, David"]
[Black "Moberg, Jan Rune"]
[Result "0-1"]
[WhiteElo "1452"]
[BlackElo "1520"]
[PlyCount "102"]
[EventDate "2017.08.31"]
[EventType "swiss"]
[EventRounds "9"]
[EventCountry "NOR"]
[SourceTitle "EXT 2024"]
[Source "ChessBase"]
[SourceDate "2023.10.10"]
[SourceVersion "1"]
[SourceVersionDate "2023.10.10"]
[SourceQuality "1"]

1. e4 b6 2. d4 Bb7 3. Nc3 e6 4. Bd3 Nf6 5. Bg5 h6 6. Bh4 Bb4 7. Nge2 g5 8. Bg3 Nxe4 9. a3 Nxc3 10. bxc3 Be7 11. f3 f5 12. Be5 Bf6 13. Ng3 Nc6 14. Bxf6 Qxf6 15. Qe2 a5 16. Nxf5 0-0 17. Ng3 d5 18. 0-0 Rae8 19. Rae1 e5 20. dxe5 Rxe5 21. Qd2 Rfe8 22. c4 Qf4 23. Qxf4 gxf4 24. Rxe5 Rxe5 25. cxd5 fxg3 26. dxc6 gxh2+ 27. Kxh2 Bxc6 28. Kg3 Kg7 29. Rh1 Be8 30. Kf4 Rc5 31. Rh3 Rc3 32. Rg3+ Kf6 33. a4 Ra3 34. Ke3 Rxa4 35. Rg8 Bf7 36. Rc8 c5 37. Rc6+ Ke5 38. Rxb6 h5 39. Rb8 Kd6 40. Be4 Ra3+ 41. Kd2 Bd5 42. Rb6+ Ke5 43. Bg6 h4 44. Rb5 Kd4 45. Bf5 a4 46. Rb8 Ke5 47. Bd7 Ra1 48. Kc3 a3 49. Rb5 Kd6 50. Bf5 a2 51. Be4 Rb1 0-1

[Event "As CC-ch A"]
[Site "As"]
[Date "2017.01.26"]
[Round "3"]
[White "Moberg, Jan Rune"]
[Black "Lange, Holger1111"]
[Result "0-1"]
[WhiteElo "1529"]
[BlackElo "1598"]
[PlyCount "104"]
[EventDate "2017.01.12"]
[EventType "tourn"]
[EventRounds "9"]
[EventCountry "NOR"]
[SourceTitle "EXT 2024"]
[Source "ChessBase"]
[SourceDate "2023.10.10"]
[SourceVersion "1"]
[SourceVersionDate "2023.10.10"]
[SourceQuality "1"]

1. d4 Nf6 2. Nf3 d5 3. g3 b6 4. Bg2 Bb7 5. 0-0 e6 6. c4 Be7 7. Qc2 0-0 8. a3 Nbd7 9. Nbd2 c5 10. dxc5 Nxc5 11. b4 Nce4 12. cxd5 Bxd5 13. Nxe4 Bxe4 14. Qb3 Rc8 15. Bf4 Bc2 16. Qb2 Nd5 17. Qd4 Nc3 18. Qe3 Bf6 19. Be5 Nd5 20. Qd4 Qe7 21. Rac1 Rfd8 22. Qb2 Bg6 23. Rfe1 Bxe5 24. Qxe5 Qf6 25. e4 Qxe5 26. Nxe5 Ne7 27. Kf1 f6 28. Nxg6 Nxg6 29. Red1 Kf7 30. Ke2 Ke7 31. Bh3 Ne5 32. f4 Nf7 33. Bg4 Nd6 34. Bf3 Nb5 35. Bg4 Nc3+ 36. Rxc3 Rxc3 37. Rxd8 Kxd8 38. Bxe6 Rxa3 39. Kd2 Ke7 40. Bd5 Kd6 41. Kc2 Ra1 42. Bb7 Rf1 43. h3 Rf2+ 44. Kd3 Rf3+ 45. Kd4 Rxg3 46. e5+ Ke7 47. Bc8 Rb3 48. Bf5 Rxb4+ 49. Kc3 Rxf4 50. exf6+ Kxf6 51. Bxh7 Rh4 52. Bg8 Rxh3+ 0-1

[Event "As Autumn"]
[Site "As"]
[Date "2016.09.08"]
[Round "2"]
[White "Lange, Holger1111"]
[Black "Moberg, Jan Rune"]
[Result "0-1"]
[WhiteElo "1624"]
[BlackElo "1503"]
[PlyCount "124"]
[EventDate "2016.09.01"]
[EventType "swiss"]
[EventRounds "9"]
[EventCountry "NOR"]
[SourceTitle "EXT 2024"]
[Source "ChessBase"]
[SourceDate "2023.10.10"]
[SourceVersion "1"]
[SourceVersionDate "2023.10.10"]
[SourceQuality "1"]

1. e4 e5 2. Nf3 d6 3. d4 Nd7 4. Bc4 c6 5. 0-0 Be7 6. Nc3 Ngf6 7. a4 0-0 8. Re1 a6 9. b3 Qc7 10. Bb2 b6 11. d5 c5 12. Rc1 Re8 13. Nd2 Nf8 14. Ne2 Ng6 15. Rf1 Bd7 16. Bd3 Nh5 17. c4 Bg5 18. Rb1 Nhf4 19. Nxf4 Nxf4 20. Be2 f5 21. Bf3 a5 22. Qc2 Rf8 23. Rfe1 Rae8 24. exf5 Bxf5 25. Be4 Qd7 26. Nf3 Bd8 27. Rbd1 g5 28. Bxf5 Rxf5 29. Nd2 Rf6 30. Ne4 Rg6 31. Bc1 Rf8 32. Ng3 Qf7 33. Be3 h5 34. Ne2 h4 35. Bxf4 gxf4 36. g3 fxg3 37. fxg3 Qf2+ 38. Kh1 Qf3+ 39. Kg1 Qe3+ 40. Kh1 Qh6 41. Kg2 h3+ 42. Kh1 Rgf6 43. Qe4 Rf2 44. Qg4+ Kh8 45. Ng1 R8f5 46. Nxh3 R2f3 47. Kg2 Qf6 48. Qh4+ Qxh4 49. gxh4 Bxh4 50. Rf1 e4 51. Ng1 Rg5+ 52. Kh1 Rxb3 53. Rb1 Rb4 54. Ne2 e3 55. Rxb4 axb4 56. Rg1 Rf5 57. Rg4 Bf6 58. Rf4 Rxf4 59. Nxf4 b3 60. Nd3 e2 61. Kg2 e1Q 62. Nxe1 b2 0-1

[Event "As Autumn"]
[Site "As"]
[Date "2015.10.29"]
[Round "7"]
[White "Fuglseth, Jan"]
[Black "Moberg, Jan Rune"]
[Result "0-1"]
[WhiteElo "1479"]
[BlackElo "1512"]
[PlyCount "92"]
[EventDate "2015.09.03"]
[EventType "swiss"]
[EventRounds "9"]
[EventCountry "NOR"]
[SourceTitle "EXT 2024"]
[Source "ChessBase"]
[SourceDate "2023.10.10"]
[SourceVersion "1"]
[SourceVersionDate "2023.10.10"]
[SourceQuality "1"]

1. c4 b6 2. Nf3 Bb7 3. Nc3 e6 4. d4 f5 5. e3 Nf6 6. Be2 Be7 7. 0-0 0-0 8. a3 a5 9. b3 c6 10. Bb2 d5 11. Rc1 Na6 12. Re1 Rc8 13. Ne5 Nc7 14. Bf1 Bd6 15. Nd3 Ne4 16. Ne2 Qe8 17. Nef4 g5 18. Nh3 Qg6 19. Ne5 Qg7 20. f3 Nf6 21. Be2 Bxe5 22. dxe5 Nd7 23. Qd4 c5 24. Qd2 Rf7 25. Nf2 h5 26. h3 Rcf8 27. Rf1 h4 28. Nd3 f4 29. b4 fxe3 30. Qxe3 d4 31. Qd2 Nxe5 32. Nxe5 Qxe5 33. bxa5 bxa5 34. Rce1 Qg3 35. Bc1 Rg7 36. Qxa5 e5 37. Qd2 Ne6 38. Bd1 Nf4 39. Qb2 Nxh3+ 40. Kh1 Nf4 41. Bxf4 gxf4 42. Qf2 Qg5 43. Bc2 Rf6 44. Qe2 h3 45. Rg1 Qh4 46. g3 fxg3 0-1

[Event "Follo CC-ch"]
[Site "Follo"]
[Date "2015.04.13"]
[Round "9"]
[White "Moberg, Jan Rune"]
[Black "Holm, Bjarne"]
[Result "1-0"]
[WhiteElo "1516"]
[BlackElo "1547"]
[PlyCount "79"]
[EventDate "2015.01.15"]
[EventType "swiss"]
[EventRounds "9"]
[EventCountry "NOR"]
[SourceTitle "EXT 2017"]
[Source "ChessBase"]
[SourceDate "2016.10.25"]
[SourceVersion "1"]
[SourceVersionDate "2016.10.25"]
[SourceQuality "1"]

1. d4 Nf6 2. Bg5 d5 3. e3 h6 4. Bh4 e6 5. Bd3 c5 6. c3 c4 7. Be2 Bd7 8. Nd2 b5 9. Ngf3 Be7 10. Ne5 Nc6 11. Nxd7 Qxd7 12. f3 e5 13. 0-0 a5 14. Qc2 Rd8 15. Rad1 Qe6 16. Rde1 0-0 17. Bd1 g5 18. Bf2 Ne8 19. dxe5 Nxe5 20. Be2 f5 21. f4 Ng6 22. Bh5 g4 23. h3 gxh3 24. Nf3 Ng7 25. Nd4 Qf6 26. g4 Nh4 27. g5 hxg5 28. Bxh4 gxh4 29. Bf3 Kf7 30. Kh2 Rh8 31. Rg1 Nh5 32. Nxf5 Bf8 33. Rg5 Ng3 34. Nxg3 hxg3+ 35. Kh1 g2+ 36. Kh2 Ke8 37. Bh5+ Ke7 38. Rf5 Qh6 39. Rf7+ Kd6 40. Qg6+ 1-0

[Event "Follo CC-ch"]
[Site "Follo"]
[Date "2015.01.15"]
[Round "1"]
[White "Moberg, Jan Rune"]
[Black "Kielland Lund, Jon"]
[Result "0-1"]
[WhiteElo "1516"]
[BlackElo "1547"]
[PlyCount "26"]
[EventDate "2015.01.15"]
[EventType "swiss"]
[EventRounds "9"]
[EventCountry "NOR"]
[SourceTitle "EXT 2017"]
[Source "ChessBase"]
[SourceDate "2016.10.25"]
[SourceVersion "1"]
[SourceVersionDate "2016.10.25"]
[SourceQuality "1"]

1. d4 d5 2. c4 c6 3. Nf3 Nf6 4. Nc3 dxc4 5. a4 Bf5 6. e3 e6 7. Bxc4 Bb4 8. 0-0 Nbd7 9. Qb3 a5 10. Nh4 Bg6 11. Nxg6 hxg6 12. e4 Qc7 13. d5 Qxh2# 0-1